LEADER 01471nam0 2200397 450 001 000000994 005 20080513094812.0 010 $a88-14-04747-2$bv. 1 010 $a88-14-03820-1$bv. 2 010 $a88-14-06519-5$bv. 3 010 $a88-14-08665-6$bv. 4 100 $a20000315g19922001km-y0itay50------ba 101 0 $aita 102 $aIT 105 $ay-------001yy 200 1 $aAppunti di diritto costituzionale comparato$fPier Giorgio Lucifredi 210 $aMilano$cGiuffrè$d1992-2001 215 $a4 v.$d24 cm 225 2 $aPubblicazioni della Libera università internazionale degli studi sociali, Roma$iQuaderni$v0003$v0009$v0010$v0017 305 $av. 1.: 7. ed. 305 $av. 2.: 6. ed. 305 $av. 3.: 7. ed. 305 $av. 4.: 6. ed. 327 1 $a1.: Il sistema francese. - 1994.$a2.: Il sistema britannico. - 1992$a3.: Il sistema statunitense. - 1997$a4.: Il sistema tedesco (la Repubblica Federale). - 2001 410 0$12001$aPubblicazioni della Libera università internazionale degli studi sociali, Roma. Quaderni 451 0$1001000011033 676 $a342.41$v20 700 1$aLucifredi,$bPier Giorgio$0211330 801 0$aIT$bUNIPARTHENOPE$c20060320$gRICA$2UNIMARC 912 $a000000994 951 $aFA-001$b34377$cNAVA3 951 $aFA-002$b34376$cNAVA3 951 $aFA-003$b34378$cNAVA3 951 $aFA-004$b38023$cNAVA3 996 $aAppunti di diritto costituzionale comparato$961737 997 $aUNIPARTHENOPE